Statistics for Biggest US Corporations in 1960

Click here to take the quiz!

General Stats

  • This quiz has been taken 118 times
  • The average score is 8 of 25

Answer Stats

HintAnswer% Correct
3Ford Motor
95%
1General Motors
92%
9Chrysler
68%
4General Electric
59%
2Standard Oil of NJ
59%
19Boeing
43%
11AT&T Technologies
36%
8Texaco
34%
5US Steel
34%
6Mobil
31%
22Chevron
30%
18Shell Oil
30%
14Amoco
24%
12Dupont
18%
25Proctor & Gamble
18%
20Kraft
17%
21Goodyear Tire & Rubber
15%
13Bethlehem Steel
14%
24RCA
14%
7Gulf Oil
12%
15CBS
11%
17General Dynamics
11%
23Union Carbide
4%
16Armour
2%
10Esmark
1%

Score Distribution

Percentile by Number Answered

Percent of People with Each Score

Your Score History

You have not taken this quiz